|
|
|
|
| LEADER |
02461nam a2200637 4500 |
| 001 |
ocn828193863 |
| 003 |
OCoLC |
| 005 |
20170124071458.4 |
| 006 |
m o d |
| 007 |
cr ||||||||||| |
| 008 |
130220s2013 nju ob 001 0 eng |
| 010 |
|
|
|a 2013007232
|
| 040 |
|
|
|a DLC
|b eng
|e rda
|e pn
|c DLC
|d OCLCO
|d YDXCP
|d DG1
|d OCLCQ
|d NOC
|d COO
|d OCLCQ
|d UKDOC
|d OCLCO
|d OCLCQ
|d GrThAP
|
| 019 |
|
|
|a 836207119
|
| 020 |
|
|
|a 9781118514399
|q (electronic bk.)
|
| 020 |
|
|
|a 1118514394
|q (electronic bk.)
|
| 020 |
|
|
|a 9781118526187
|q (pdf)
|
| 020 |
|
|
|a 111852618X
|q (pdf)
|
| 020 |
|
|
|a 9781118526897
|q (epub)
|
| 020 |
|
|
|a 1118526899
|q (epub)
|
| 020 |
|
|
|a 9781118526934
|q (mobi)
|
| 020 |
|
|
|a 1118526937
|q (mobi)
|
| 020 |
|
|
|z 9780470552346
|q (cloth)
|
| 020 |
|
|
|z 0470552344
|q (cloth)
|
| 029 |
1 |
|
|a CHBIS
|b 009996571
|
| 029 |
1 |
|
|a CHVBK
|b 304928526
|
| 029 |
1 |
|
|a GBVCP
|b 79020665X
|
| 029 |
1 |
|
|a NZ1
|b 15340437
|
| 029 |
1 |
|
|a DEBBG
|b BV043395453
|
| 035 |
|
|
|a (OCoLC)828193863
|z (OCoLC)836207119
|
| 042 |
|
|
|a pcc
|
| 050 |
1 |
0 |
|a RS380
|
| 082 |
0 |
0 |
|a 338.4/76151
|2 23
|
| 049 |
|
|
|a MAIN
|
| 245 |
0 |
0 |
|a Risk management applications in pharmaceutical and biopharmaceutical products manufacturing /
|c [edited] by A. Hamid Mollah, Mike Long, Harold Baseman.
|
| 263 |
|
|
|a 1302
|
| 264 |
|
1 |
|a Hoboken, New Jersey :
|b John Wiley & Sons, Inc.,
|c [2013]
|
| 300 |
|
|
|a 1 online resource.
|
| 336 |
|
|
|a text
|b txt
|2 rdacontent
|
| 337 |
|
|
|a computer
|b c
|2 rdamedia
|
| 338 |
|
|
|a online resource
|b cr
|2 rdacarrier
|
| 490 |
1 |
|
|a Wiley series in biotechnology and bioengineering
|
| 500 |
|
|
|a Includes index.
|
| 588 |
0 |
|
|a Print version record and CIP data provided by publisher; resource not viewed.
|
| 504 |
|
|
|a Includes bibliographical references and index.
|
| 650 |
|
0 |
|a Pharmaceutical biotechnology.
|
| 650 |
|
0 |
|a Pharmaceutical biotechnology industry
|x Risk management.
|
| 650 |
|
0 |
|a Pharmaceutical technology.
|
| 650 |
|
0 |
|a Pharmaceutical industry
|x Risk management.
|
| 700 |
1 |
|
|a Mollah, A. Hamid,
|d 1962-
|
| 700 |
1 |
|
|a Long, Mike,
|d 1968-
|
| 700 |
1 |
|
|a Baseman, Harold,
|d 1956-
|
| 776 |
0 |
8 |
|i Print version:
|t Risk management applications in pharmaceutical and biopharmaceutical products manufacturing.
|d Hoboken, New Jersey : John Wiley & Sons, Inc., [2013]
|z 9780470552346
|w (DLC) 2012045117
|
| 830 |
|
0 |
|a Wiley series in biotechnology and bioengineering.
|
| 856 |
4 |
0 |
|u https://doi.org/10.1002/9781118514399
|z Full Text via HEAL-Link
|
| 994 |
|
|
|a 92
|b DG1
|